000 00497cam a22001457a 4500
008 180718b1977 xxu||||| |||| 00| 0 eng d
082 _aAPPPA 76-77 ROS
100 _aLal, Roshan
245 _aSocio-economic conditions of the artisans engaged in footwear cottage industry in Agra
_cby Roshan Lal
260 _aNew Delhi
_bIndian Institute of Public Administration
_c1977
300 _a46p.
650 _aFootwear cottage industry-Agra
650 _aArtisans
650 _aSocio-economic conditions
999 _c501120
_d501120